000 01276nam2a2200253 4500
001 rc\2864848
005 20260315050957.0
035 _a(NLR Aleph) 007018704
090 _a13579606
_c13579606
100 _a20110712d1932 u y0rusy50 ca
101 0 _arus
102 _aRU
105 _aa z |||||
200 1 _aРасчет рам по способу моментных фокусов
_fИнж. И.В. Урбан
210 _d[1932]
215 _a64 с.
_cчерт.
320 _aБиблиогр.: "Литература ..." в конце отд. глав
461 0 _1001rc\2864847
_12001#$aСтроительная механика$eРабочая книга$fПод ред. проф. Н.И. Безухова$gЦудортранс. АДЦИЗО ... Концентр. Втуз$vТема 24
_95887512
_aЦентральный институт заочного обучения на автодорожном транспорте (Москва)
_c[Москва]
_d[1932]
_fПод ред. проф. Н.И. Безухова
_nБ. и.
_oРабочая книга
_tСтроительная механика
_vТема 24
702 1 _aУрбан
_bИ.В.
_4570
801 0 _aRU
_bNLR
_gpsbo
801 1 _aRU
_bELAR
_2rusmarc
852 _aNLR
_j33-17/10(24)
942 _cUNSPEC
980 _aNB